Statistics for africa-country-scramble part 1

Click here to take the quiz!

General Stats

  • This quiz has been taken 10 times
  • The average score is 14 of 15

Answer Stats

HintAnswers% Correct
inebnbenin
100%
coromsocomoros
100%
agnahghana
100%
niguaeguinea
100%
neyakkenya
100%
rsagaamadcmadagascar
100%
mianibanamibia
100%
lesychelseseychelles
100%
siugabsiuneaguineabissau
88%
amniuraatimauritania
88%
ginireanigeria
88%
suodthnsuasouthsudan
88%
aanznatitanzania
88%
ervpdeacecapeverde
75%
nistuaitunisia
75%

Score Distribution

Percentile by Number Answered

Percent of People with Each Score

Your Score History

You have not taken this quiz